Представление документа в формате MARC21

Поле Инд. ПП Название Значение
Тип записи a
Библиографический уровень m
001 Контрольный номер DU/700138098
005 Дата корректировки 20251013102426.1
008 Кодируемые данные 20200110
022 0_ a ISSN 1726-6736
041 0_ a Код языка текста rus
084 a Индекс другой классификации/Индекс ББК 74
090 a Полочн. индекс 95.2+74
099 a Индекс 72296
245 10 a Заглавие Университетская книга
n Номер части/ раздела №10/2018
b Продолж. заглавия информационно-аналитический журнал
c Ответственность учредитель: "ИД Университетская книга"; гл. ред. Е. Бейлина
260 c Дата издания 2018
b Издательство Университетская книга
a Место издания Москва
300 a Объем 80 с.
500 a Примечание Журнал
a Примечание Тема номера: "Библиотека 3.0 - центр науки, сервисов и инноваций"
650 14 a Основная рубрика образование
a Основная рубрика педагогика
653 1_ a Ключевые слова библиотеки вузов
a Ключевые слова библиотечное дело
a Ключевые слова библиотечные фонды
a Ключевые слова издательства
a Ключевые слова книгоиздание
a Ключевые слова книжный рынок
a Ключевые слова Россия
a Ключевые слова цифровая среда
a Ключевые слова электронно-библиотечные системы (ЭБС)
773 08 w Контрольный № источника 1f7557900ce34a9cad24e260b2bcf33b
900 a Имя электронного ресурса P_un_knigz_10_18
x Справочная информация Оглавление
901 t Тип документа s
952 a Тип литературы для КСУ ВШ НЖ
991 s 6